FA Community Shield Winners - Statistics

General Stats
  • This quiz has been taken 1,496 times
    472 since last reset
  • The average score is 19 of 26
Answer Stats
Year Answer % Correct
1937 Manchester City
99%
1930 Arsenal
98%
1908 Manchester United
98%
1964 Liverpool
97%
1955 Chelsea
96%
1921 Tottenham Hotspur
93%
1971 Leicester City
87%
1928 Everton
86%
1981 Aston Villa
85%
1909 Newcastle United
84%
1978 Nottingham Forest
80%
1912 Blackburn Rovers
78%
1969 Leeds United
75%
Wolverhampton Wanderers
75%
West Ham United
74%
1936 Sunderland
70%
1935 Sheffield Wednesday
60%
1920 West Bromwich Albion
60%
1960 Burnley
59%
1973 Burnley
59%
1975 Derby County
58%
1949 Portsmouth
57%
1958 Bolton Wanderers
49%
1910 Brighton and Hove Albion
47%
1927 Cardiff City
47%
1922 Huddersfield Town
45%
No matching quizzes found
Score Distribution
Percent of People with Each Score
Percentile by Number Answered
Your Score History
You have not taken this quiz since the last reset